书目信息 |
| 题名: |
干寒地区混泥土结构裂缝处理
|
|
| 作者: | 冯英杰 著 | |
| 分册: | ||
| 出版信息: | 成都 四川大学出版社 2014 |
|
| 页数: | 157页 | |
| 开本: | 21cm | |
| 丛书名: | ||
| 单 册: | ||
| 中图分类: | TU755.7 | |
| 科图分类: | ||
| 主题词: | 寒带--干旱区--混凝土结构--裂缝--处理 , 寒带 , 干旱区 , 混凝土结构 , 裂缝 | |
| 电子资源: | ||
| ISBN: | 978-7-5614-7589-8 | |
| 000 | 01006nam0 2200277 450 | |
| 001 | 012015000378 | |
| 005 | 20150911083626.06 | |
| 010 | @a978-7-5614-7589-8@dCNY28.00 | |
| 100 | @a20140812d2014 em y0chiy50 ea | |
| 101 | 0 | @achi |
| 102 | @aCN@b510000 | |
| 105 | @aa z 000yy | |
| 106 | @ar | |
| 200 | 1 | @a干寒地区混泥土结构裂缝处理@Agan han di qu hun ni tu jie gou lie feng chu li@f冯英杰著 |
| 210 | @a成都@c四川大学出版社@d2014 | |
| 215 | @a157页@c图@d21cm | |
| 330 | @a本书分为两部分,第一部分主要介绍混凝土裂缝处理的现状、干寒地区混凝土开裂的原因及相应的防治措施、干寒地区混凝土开裂的机理及处理方法;第二部分以干寒地区某工程实例为背景对裂缝处理方法及材料的实验过程、理论分析及施工方法进行了详细介绍。 | |
| 606 | 0 | @a寒带@x干旱区@x混凝土结构@x裂缝@x处理 |
| 606 | 0 | @a寒带 |
| 606 | 0 | @a干旱区 |
| 606 | 0 | @a混凝土结构 |
| 606 | 0 | @a裂缝 |
| 690 | @aTU755.7@v5 | |
| 701 | 0 | @a冯英杰@Afeng ying jie@c(女,@f1978~)@4著 |
| 801 | 0 | @aCN@b碧洲教育@c20150716 |
| 905 | @a10447@f4@dTU755.7@e693 | |
| 干寒地区混泥土结构裂缝处理/冯英杰著.-成都:四川大学出版社,2014 |
| 157页:图;21cm |
| ISBN 978-7-5614-7589-8:CNY28.00 |
| 本书分为两部分,第一部分主要介绍混凝土裂缝处理的现状、干寒地区混凝土开裂的原因及相应的防治措施、干寒地区混凝土开裂的机理及处理方法;第二部分以干寒地区某工程实例为背景对裂缝处理方法及材料的实验过程、理论分析及施工方法进行了详细介绍。 |
| ● |
| 相关链接 |
|
|
|
|
正题名:干寒地区混泥土结构裂缝处理
索取号:TU755.7/693
 
预约/预借
| 序号 | 登录号 | 条形码 | 馆藏地/架位号 | 状态 | 备注 |
| 1 | 0849532 | 208495323 | 第二样本阅览室/ [索取号:TU755.7/693] | 在馆 | |
| 2 | 0849533 | 208495332 | 第三借阅区/ [索取号:TU755.7/693] | 在馆 | |
| 3 | 0849534 | 208495341 | 第三借阅区/ [索取号:TU755.7/693] | 在馆 | |
| 4 | 0849535 | 208495350 | 第三借阅区/ [索取号:TU755.7/693] | 在馆 |